EA FC26 Primetime - Statistics

General Stats
  • This quiz has been taken 3 times
  • The average score is 3 of 51
Answer Stats
Rate Club Nation League Answer % Correct
92 Man City Norway UCL Erling Haaland
100%
88 Arsenal France UCL Wiliam Saliba
67%
90 Barcelona Norway UWCL Caroline Hansen
33%
89 Barcelona Spain UCL Lamine Yamal
33%
88 Man United England UWCL Maya Le Tissier
33%
87 Benfica Colombia UCL Richard Rios
33%
86 Real Madrid Spain UWCL Alba Redondo
0%
87 Bayern Germany UCL Aleksandar Pavlovic
0%
85 Sporting Brazil UCL Alisson
0%
86 Panathinaikos Morocco UEL Anass Zaroury
0%
86 Juventus Italy UCL Andrea Cambiaso
0%
85 Feyenoord Algeria UEL Anis Hadj-Moussa
0%
87 Newcastle England UCL Anthony Gordon
0%
85 Fenerbahce England UEL Archie Brown
0%
86 Mainz Germany UECL Benedict Hollerbach
0%
87 PSG France UCL Bradley Barcola
0%
86 Celtic Scotland UEL Callum McGregor
0%
85 Real Betis DR Congo UEL Cedric Bakambu
0%
86 Fiorentina Italy UECL Cher Ndour
0%
87 Liverpool Netherlands UCL Cody Gakpo
0%
85 Galatasaray Colombia UCL Davinson Sanchez
0%
86 PSV Romania UCL Dennis Man
0%
87 Real Madrid Brazil UCL Eder Militao
0%
86 PSG France UWCL Elimbi Gilbert
0%
86 Chelsea Brazil UCL Estevao
0%
86 Dortmund Germany UCL Felix Nmecha
0%
86 Atletico Madrid Argentina UCL Giuliano Simeone
0%
84 Lille Morocco UEL Hamza Igamane
0%
87 Aston Villa Netherlands UEL Ian Maatsen
0%
86 Nottingham Brazil UEL Igor Jesus
0%
84 Young Boys Algeria UEL Jaouen Hadjam
0%
84 Ajax Netherlands UCL Kenneth Taylor
0%
84 Union SG Ecuador UCL Kevin Rodriguez
0%
86 AS Roma France UEL Kouadio Kone
0%
84 Aberdeen England UECL Leighton Clarkson
0%
87 Sparta Prague Czech Rep UECL Lukas Haraslin
0%
84 Midtjylland Denmark UEL Mads Sorensen
0%
86 Chelsea Japan UWCL Maika Hamano
0%
84 Qarabag Brazil UCL Matheus Silva
0%
84 Rangers England UEL Max Aarons
0%
85 Utrecht Spain UEL Miguel Rodriguez
0%
85 Lech Poznan Sweden UECL Mikael Ishak
0%
87 Napoli Denmark UCL Rasmus Hojlund
0%
85 FC Porto Portugal UEL Rodrigo Mora
0%
85 Braga Uruguay UEL Rodrigo Zalazar
0%
84 Lyon Netherlands UEL Ruben Kluivert
0%
85 Rayo Vallecano Spain UECL Unai Lopez
0%
84 Go Ahead Eagles Sweden UEL Victor Edvarsden
0%
86 Spurs Netherlands UCL Xavi Simons
0%
85 Crystal Palace Spain UECL Yeremy Pino
0%
86 Inter France UCL Yoan Bonny
0%
No matching quizzes found
Score Distribution
Percent of People with Each Score
Percentile by Number Answered
Your Score History
You have not taken this quiz